De proprietatibus terminorum

Hlavní autor: Pseudo-Cicero
Jazyk: Latina
Vydáno: Augustae : Anton Sorg, 1488
Témata:
Fyzický popis: [36] listů ; 4°
Knihy
Uloženo v:
LEADER 01717nam a22003977a 4500
001 mzk03001182985
003 CZ BrMZK
005 20210224105210.0
007 ta
008 080705s1488 gw fr|||||00| ||latod
040 |a BOA001  |b cze  |c BOA001 
072 7 |a 093  |x Prvotisky  |2 Konspekt  |9 12 
080 |a (0.068)093  |2 MRF 
100 1 |a Pseudo-Cicero  |4 aut 
245 1 0 |a De proprietatibus terminorum 
260 |a Augustae :  |b Anton Sorg,  |c 1488 
300 |a [36] listů ;  |c 4° 
500 |a Výzdoba: Iniciály, rubriky a podtrhování červeně. Na konci perokresba (jelen) 
501 |a Přívazek 6 k: Praecepta latinitatis / Michael Lindelbach 
510 4 |a ISTC,  |c ic00669000  |u https://data.cerl.org/istc/ic00669000 
510 4 |a Gesamtkatalog der Wiegendrucke,  |c 7027 
510 4 |a Catalogue of books printed in the 15. century now in the British Museum,  |c II, 353 
510 4 |a Hain, L. Repertorium Bibliographicum, in quo libri omnes ab arte typographica inventa usque ad annum MD,  |c 5353 
510 4 |a Copinger, W.A. Supplement to Hain´s Repertorium Bibliographicum,  |c I, 5353 
510 4 |a Dokoupil, V. Soupis prvotisků, spravovaných Universitní knihovnou v Brně,  |c 359 
510 4 |a Louda, J. Soupis prvotisků Universitní knihovny v Olomouci a její pobočky v Kroměříži,  |c 561 
510 4 |a Kotvan, I. Inkunábuly archívov, múzeí a niektorých historických knižníc na Slovensku,  |c 80 
655 7 |a prvotisky  |7 fd422077  |2 czenas 
903 |a RP 
910 |a ZNE450  |b ZDP-0000.038,přív.6 
978 |b Sorg, Anton  |a Augsburg  |c 1488 
984 |a Augsburg  |b Německo 
985 |a 1451-1500 
990 |a BK 
991 |k znojmo 
994 |a UP  |l MZK03  |b 001182976  |m přívazek 6  |n záznam 1. díla